Tour de France 2025 - Alle Fahrer - Statistiken

Allgemein
  • Dieses Quiz wurde 126 mal gespielt
  • Das Durchschnittsergebnis liegt bei 52 aus 184
Antwortstatistiken
Team Nation Fahrer % Korrekt
UAE SLO Tadej Pogacar
98%
Visma-Lease a Bike DEN Jonas Vingegaard
89%
RB-Bora-Hansgrohe GER Florian Lipowitz
87%
UAE GER Nils Politt
84%
RB-Bora-Hansgrohe SLO Primoz Roglic
83%
Soudal-Quick Step BEL Remco Evenepoel
82%
Visma-Lease a Bike BEL Wout van Aert
82%
UAE POR Joao Almeida
79%
Intermarché-Wanty ERI Biniam Girmay
76%
Alpecin-Deceuninck NED Mathieu van der Poel
76%
UAE GBR Adam Yates
73%
Visma-Lease a Bike GBR Simon Yates
73%
EF Education-Easypost IRL Ben Healy
72%
Alpecin-Deceuninck BEL Jasper Philipsen
71%
Cofidis GER Emanuel Buchmann
68%
Lidl-Trek ITA Jonathan Milan
68%
Ineos Grenadiers GBR Geraint Thomas
66%
Tudor FRA Julian Alaphilippe
66%
Cofidis FRA Benjamin Thomas
64%
Bahrain Victorious GER Phil Bauhaus
64%
Intermarché-Wanty GER Georg Zimmermann
63%
Visma-Lease a Bike USA Matteo Jorgenson
63%
Visma-Lease a Bike USA Sepp Kuss
63%
UAE BEL Tim Wellens
63%
Decathlon-AG2R AUT Felix Gall
60%
Soudal-Quick Step GER Maximilian Schachmann
59%
Jayco-Alula AUS Ben O'Connor
58%
Israel-Premier Tech GER Pascal Ackermann
58%
Groupama-FDJ FRA Guillaume Martin
57%
UAE ESP Marc Soler
57%
Picnic-PostNL GBR Oscar Onley
57%
Lotto BEL Brent van Moer
56%
Lotto BEL Arnaud de Lie
54%
Intermarché-Wanty GER Jonas Rutsch
54%
Lidl-Trek USA Quinn Simmons
53%
Bahrain Victorious FRA Lenny Martinez
52%
Visma-Lease a Bike BEL Victor Campenaerts
52%
Arkéa-B&B Hotels FRA Kévin Vauquelin
51%
Uno-X NOR Jonas Abrahamsen
50%
Uno-X NOR Anders Johannessen
48%
Visma-Lease a Bike ITA Edoardo Affini
48%
Movistar ESP Enric Mas
48%
Ineos Grenadiers NED Thymen Arensman
48%
Soudal-Quick Step BEL Tim Merlier
48%
Uno-X NOR Tobias Johannessen
48%
UAE ECU Jhonatan Narvaez
47%
Decathlon-AG2R FRA Aurélien Paret-Peintre
46%
Visma-Lease a Bike BEL Tiesj Benoot
46%
Soudal-Quick Step FRA Valentin Paret-Peintre
46%
Ineos Grenadiers ESP Carlos Rodriguez
42%
Arkéa-B&B Hotels ESP Cristian Rodriguez
42%
Bahrain Victorious COL Santiago Buitrago
42%
Alpecin-Deceuninck AUS Kaden Groves
40%
Bahrain Victorious SLO Matej Mohoric
39%
RB-Bora-Hansgrohe RUS Alexander Wlasow
38%
Ineos Grenadiers ITA Filippo Ganna
38%
Tudor SUI Marc Hirschi
38%
UAE FRA Pawel Siwakow
38%
EF Education-Easypost USA Neilson Powless
37%
RB-Bora-Hansgrohe BEL Jordi Meeus
36%
Tudor AUT Marco Haller
36%
Israel-Premier Tech CAN Michael Woods
34%
Jayco-Alula SUI Mauro Schmid
33%
Tudor AUS Michael Storer
33%
Tudor GER Marius Mayrhofer
32%
RB-Bora-Hansgrohe NED Danny van Poppel
31%
Soudal-Quick Step BEL Ilan van Wilder
31%
Jayco-Alula AUS Luke Plapp
30%
Lidl-Trek DEN Mattias Skjelmose
30%
Picnic-PostNL GER Niklas Märkl
30%
Movistar AUT Gregor Mühlberger
29%
Uno-X DEN Magnus Cort
29%
Totalenergies FRA Anthony Turgis
27%
Alpecin-Deceuninck BEL Jonas Rickaert
27%
Cofidis FRA Bryan Coquard
26%
Jayco-Alula NED Dylan Groenewegen
26%
RB-Bora-Hansgrohe NED Mick van Dijke
26%
Lidl-Trek LAT Toms Skujins
26%
Jayco-Alula IRL Eddie Dunbar
24%
RB-Bora-Hansgrohe ITA Gianni Moscon
24%
EF Education-Easypost AUS Harry Sweeny
24%
Picnic-PostNL FRA Warren Barguil
24%
RB-Bora-Hansgrohe NZL Laurence Pithie
23%
Intermarché-Wanty BEL Laurenz Rex
23%
Picnic-PostNL NED Frank van den Broek
22%
Alpecin-Deceuninck BEL Gianni Vermeersch
22%
EF Education-Easypost DEN Kasper Asgreen
22%
Tudor ITA Matteo Trentin
22%
Soudal-Quick Step ITA Mattia Cattaneo
22%
Uno-X NOR Søren Waerenskjold
22%
Groupama-FDJ FRA Valentin Madouas
22%
Uno-X NOR Andreas Leknessund
21%
Movistar COL Einer Rubio
21%
Bahrain Victorious GBR Fred Wright
21%
Totalenergies FRA Jordan Jegat
21%
Decathlon-AG2R SUI Stefan Bissegger
21%
Ineos Grenadiers NOR Tobias Foss
21%
Lidl-Trek BEL Jasper Stuyven
20%
XDS-Astana COL Harold Tejada
19%
Decathlon-AG2R FRA Bruno Armirail
18%
EF Education-Easypost NED Marijn van den Berg
18%
Arkéa-B&B Hotels FRA Arnaud Démare
17%
Groupama-FDJ FRA Quentin Pacher
17%
XDS-Astana COL Sergio Higuita
17%
Bahrain Victorious AUS Jack Haig
16%
Jayco-Alula SLO Luka Mezgec
16%
Picnic-PostNL CZE Pavel Bittner
16%
Alpecin-Deceuninck SUI Silvan Dillier
16%
EF Education-Easypost FRA Alex Baudin
14%
Ineos Grenadiers FRA Axel Laurance
14%
XDS-Astana NED Cees Bol
14%
Lidl-Trek BEL Edward Theuns
14%
Intermarché-Wanty FRA Louis Barré
14%
Cofidis BEL Dylan Teuns
13%
Movistar ESP Ivan Romeo
13%
Lotto BEL Lennert van Eetvelt
13%
Soudal-Quick Step NED Pascal Eenkhoorn
13%
Alpecin-Deceuninck BEL Xandro Meurisse
13%
Ineos Grenadiers GBR Connor Swift
12%
Groupama-FDJ FRA Paul Penhoët
12%
Intermarché-Wanty NED Roel van Sintmaartensdijk
12%
Ineos Grenadiers GBR Sam Watson
12%
Lidl-Trek BEL Thibau Nys
12%
Picnic-PostNL DEN Tobias Lund Andresen
12%
Soudal-Quick Step BEL Bert van Lerberghe
11%
Intermarché-Wanty FRA Hugo Page
11%
Arkéa-B&B Hotels FRA Mathis Le Berre
11%
Totalenergies FRA Mattéo Vercher
11%
EF Education-Easypost DEN Michael Valgren
11%
Movistar POR Nelson Oliveira
11%
EF Education-Easypost ITA Vincenzo Albanese
11%
Tudor ITA Alberto Dainese
10%
Israel-Premier Tech KAZ Alexej Luzenko
10%
XDS-Astana ITA Davide Ballerini
10%
Jayco-Alula NED Elmar Reinders
10%
Israel-Premier Tech GBR Jake Stewart
10%
Lidl-Trek ITA Simone Consonni
10%
Totalenergies BEL Steff Cras
10%
Bahrain Victorious POL Kamil Gradek
9%
Jayco-Alula AUS Luke Durbridge
9%
Movistar ESP Pablo Castrillo
9%
Alpecin-Deceuninck BEL Emiel Verstrynge
8%
Totalenergies FRA Mathieu Burgaudeau
8%
Groupama-FDJ FRA Romain Grégoire
8%
Groupama-FDJ FRA Clément Russo
7%
Cofidis ESP Ion Izagirre
7%
Arkéa-B&B Hotels ESP Raul Garcia Pierna
7%
XDS-Astana KAZ Jewgeni Fedorow
6%
Decathlon-AG2R BEL Oliver Naesen
6%
Intermarché-Wanty BEL Vito Braet
6%
Arkéa-B&B Hotels BEL Amaury Capiot
4%
Decathlon-AG2R FRA Clément Berthet
4%
Arkéa-B&B Hotels FRA Ewen Costiou
4%
Tudor SUI Fabian Lienhard
4%
Israel-Premier Tech LAT Krists Neilands
4%
XDS-Astana ITA Simone Velasco
4%
Uno-X NOR Stian Fredheim
4%
Cofidis ESP Alex Aranburu
3%
XDS-Astana FRA Clément Champoussin
3%
Arkéa-B&B Hotels FRA Clément Venturini
3%
Groupama-FDJ FRA Cyril Barthe
3%
XDS-Astana NED Mike Teunissen
3%
Bahrain Victorious AUS Robert Stannard
3%
Decathlon-AG2R FRA Bastien Tronchon
2%
Decathlon-AG2R AUS Callum Scotson
2%
Totalenergies FRA Emilien Jeannière
2%
Movistar ESP Ivan Garcia Cortina
2%
Lotto BEL Jenno Berckmoes
2%
Israel-Premier Tech GBR Joe Blackmore
2%
Groupama-FDJ GBR Lewis Askey
2%
Picnic-PostNL NED Tim Naberman
2%
Movistar USA Will Barta
2%
Totalenergies FRA Alexandre Delettre
1%
Cofidis FRA Alexis Renard
1%
Cofidis FRA Damien Touzé
1%
Israel-Premier Tech CAN Guillaume Boivin
1%
Israel-Premier Tech FRA Matis Louvel
1%
Picnic-PostNL GBR Sean Flynn
1%
Lotto BEL Sébastien Grignard
1%
Totalenergies FRA Thomas Gachignard
1%
Lotto ARG Eduardo Sepulveda
0%
Lotto AUS Jarrad Drizners
0%
Lotto BEL Jasper de Buyst
0%
Uno-X NOR Markus Hoelgaard
0%
Keine übereinstimmenden Quizze gefunden
Verteilung der Resultate
Anzahl Personen mit jedem Resultat
Perzentil nach korrekt beantworteten Fragen
Ihre Resultats-Entwicklung
Sie haben dieses Quiz noch nicht gespielt